Syllabus design

Αποθηκεύτηκε σε:
Λεπτομέρειες βιβλιογραφικής εγγραφής
Κύριος συγγραφέας: Nunan, David
Μορφή: Βιβλίο
Γλώσσα:English
Δημοσίευση: Oxford : Oxford University Press, 1988
Σειρά:Language teaching, a scheme for teacher education
Θέματα:
Ετικέτες: Προσθήκη ετικέτας
Δεν υπάρχουν, Καταχωρήστε ετικέτα πρώτοι!

MARC

LEADER 00000nam a2200000 i 4500
001 1/86622
008 931206s1988 eng d
020 |a 0-19-437139-5 
035 |a 1990  |b 1  |c Αγορά/Σκούρτου  |l 10035022 
040 |a GR-MY-UA  |b gre  |e aacr 
041 0 |a eng 
082 0 |a 420.71 
100 1 |a Nunan, David. 
245 1 0 |a Syllabus design /  |c David Nunan 
260 |a Oxford :   |b Oxford University Press,   |c 1988 
300 |a 165 p.  
490 1 |a Language teaching 
650 0 0 |a Language and languages  |x Study and teaching. 
830 0 |a Language teaching, a scheme for teacher education 
852 |a INST  |b RHODES  |e 19931206  |h 420.71 NUN  |p 005400002231  |q 005400002231  |t BK  |y 0 
909 |a Ρ  |b 017125  |c 1990